000 00714nam a2200265Ia 4500
005 20260302115854.0
008 008 260114s9999 xx 000 0 eng d
020 _a9781509949021
037 _aTextbook
040 _aCRL
040 _beng
040 _cCRL
041 _2eng
041 _aeng
084 _qCRL
100 _aOlivier Corten
_91122924
245 4 _aThe Law Against War The Prohibition on the Use of Force in Contemporary International Law
260 _bBloomsbury
260 _bHart Publishing
260 _c2021
650 _aLaw
856 _uhttps://doi.org/10.5040/9781509949021?locatt=label:secondary_bloomsburyCollections
942 _cEBOOK
999 _c1687755
_d1687755